| 000 -LEADER |
| fixed length control field |
01571cam a2200253 i 4500 |
| 005 - DATE AND TIME OF LATEST TRANSACTION |
| control field |
20200309131425.0 |
| 008 - FIXED-LENGTH DATA ELEMENTS--GENERAL INFORMATION |
| fixed length control field |
160324s2016 gw a b 000 0 eng |
| 010 ## - LIBRARY OF CONGRESS CONTROL NUMBER |
| LC control number |
2016013527 |
| 020 ## - INTERNATIONAL STANDARD BOOK NUMBER |
| International Standard Book Number |
9783791382128 (hbk.) |
| 040 ## - CATALOGING SOURCE |
| Original cataloging agency |
DLC |
| Language of cataloging |
eng |
| Description conventions |
rda |
| Transcribing agency |
DLC |
| Modifying agency |
DLC |
| 042 ## - AUTHENTICATION CODE |
| Authentication code |
pcc |
| 082 00 - DEWEY DECIMAL CLASSIFICATION NUMBER |
| Classification number |
724.6 |
| Edition number |
23 |
| Item number |
HIL |
| 100 1# - MAIN ENTRY--PERSONAL NAME |
| Personal name |
Hill, John, |
| Dates associated with a name |
1973- |
| Relator term |
author. |
| 245 10 - TITLE STATEMENT |
| Title |
100 years 100 buildings / |
| Statement of responsibility, etc |
John Hill. |
| 246 3# - VARYING FORM OF TITLE |
| Title proper/short title |
One hundred years one hundred buildings |
| 300 ## - PHYSICAL DESCRIPTION |
| Extent |
224 pages : |
| Other physical details |
color illustrations ; |
| Dimensions |
29 cm |
| 504 ## - BIBLIOGRAPHY, ETC. NOTE |
| Bibliography, etc |
Includes bibliographical references (pages 223). |
| 520 ## - SUMMARY, ETC. |
| Summary, etc |
"This architectural survey presents an iconic building built each year from 1916 to 2015, as selected by John Hill, founder of the blog A Daily Dose of Architecture. Starting with H. P. Berlage's Holland House in London and closing with Diller Scofidio + Renfro's newly completed Broad museum in Los Angeles, each building included can be seen, approached, or explored by the average person, per Hill's criteria. Each two-page spread includes one to two large color photos opposite a text contextualizing each structure. The volume also includes a timeline of the 1916-2015 period highlighting important architectural events and "runners up" to the main survey."-- |
| 650 #0 - SUBJECT ADDED ENTRY--TOPICAL TERM |
| Topical term or geographic name as entry element |
Architecture, Modern |
| Chronological subdivision |
20th century. |
| 650 #0 - SUBJECT ADDED ENTRY--TOPICAL TERM |
| Topical term or geographic name as entry element |
Architecture, Modern |
| Chronological subdivision |
21st century. |
| 906 ## - LOCAL DATA ELEMENT F, LDF (RLIN) |
| a |
7 |
| b |
cbc |
| c |
orignew |
| d |
1 |
| e |
ecip |
| f |
20 |
| g |
y-gencatlg |
| 942 ## - ADDED ENTRY ELEMENTS (KOHA) |
| Source of classification or shelving scheme |
|
| 955 ## - COPY-LEVEL INFORMATION (RLIN) |
| Book number/undivided call number, CCAL (RLIN) |
cf25 2016-03-24 |
| Copy status, CST (RLIN) |
cf25 2016-03-24 to Dewey |
| Classification number, CCAL (RLIN) |
xn11 2017-04-24 1 copy rec'd., to CIP ver. |
| -- |
rk20 2017-05-01 book received in ART |